000 00336nam a2200121Ia 4500
005 20260328101449.0
008 260328s9999||||xx |||||||||||||| ||und||
100 _aPando, Horacio
245 0 _aArquitectura en la Argentina - Vol. 6 :
_b de 1810 a 1850 /
_cHoracio Pando
260 _bEudeba
650 _aARQUITECTURA REGIONAL
942 _cBK
999 _c8581
_d8581